000 01155nam a2200253Ia 4500
003 Ost
005 20260507075600.0
008 260507s9999||||xx |||||||||||||| ||und||
020 _a9957063138
040 _cfsecg
041 _aara
082 _a330
100 _aالوادي، محمود حسين
_eمؤلف
245 0 _aمبادئ المالية العامة /
_c محمود حسين الوادي
260 _aعمان:
_bدار المسيرة للنشر والتوزيع,
_c2007
300 _a256 صفحة؛
_bإيضاحات ؛
_c24 سم
504 _aملاحق ص.231 , مراجع ص.254
520 _aطبيعة المالية العامة، الايرادات العامة،اضافة الى النفقات العامة، الموازنة العامة للدولة، الرقابة المالية العامة، السياسات المالية والنقدية واخيرا الاستقرار الاقتصادي.
653 _aالادارة المالية
653 _aالاقتصاد المالي
653 _aالمالية العامة
700 _aعزام، زكريا احمد
_eمؤلف ثانوي
942 _cكتاب
999 _c45003
_d45003